El rey Ricardo II : tragedia

Na minha lista:
Detalhes bibliográficos
Autor principal: Shakespeare, William
Formato: Livro
Idioma:Undetermined
Publicado em: Madrid, España Editorial Calpe 1923
Assuntos:
Tags: Adicionar Tag
Sem tags, seja o primeiro a adicionar uma tag!

MARC

LEADER 00000nam a2200000Ia 4500
008 170316s9999 xx 000 0 und d
040 |a cru BVZT 
090 |a 820 S-5re 
100 |a Shakespeare, William 
245 |a El rey Ricardo II : tragedia 
260 |a Madrid, España 
260 |b Editorial Calpe 
260 |c 1923 
300 |a 187 páginas 
650 |a LITERATURA INGLESA 
650 |a EN IDIOMA ESPAÑOL 
650 |a TRAGEDIA 
999 |c 7172  |d 7172 
942 |c 15 D  |h 820 S-5re  |2 z